Logo

Description automatically generated
विद्यार्जन
 संसाधन केंद्र, भारतीय प्रौद्योगिकी संस्थान इन्दौर
Learning Resource Center, Indian Institute of Technology Indore

ऑनलाइन सार्वजनिक अभिगम प्रसूची
Online Public Access Catalogue (OPAC)

পশ্চিমবঙ্গের আদিবাসী সমাজ [v.1] = Paschim banger adivasi samaj [v.1] [in Bengali] (Record no. 57079)

MARC details
000 -LEADER
fixed length control field 00700nam a2200169Ia 4500
005 - DATE AND TIME OF LATEST TRANSACTION
control field 20260603120908.0
008 - FIXED-LENGTH DATA ELEMENTS--GENERAL INFORMATION
fixed length control field 260603s9999||||xx |||||||||||||| ||und||
082 ## - DEWEY DECIMAL CLASSIFICATION NUMBER
Classification number 891.44
Item number BAS
100 ## - MAIN ENTRY--PERSONAL NAME
Personal name বাস্কে, ধীরেন্দ্র নাথ = Baskey, Dhirendra Nath
245 #0 - TITLE STATEMENT
Title পশ্চিমবঙ্গের আদিবাসী সমাজ [v.1] = Paschim banger adivasi samaj [v.1] [in Bengali]
250 ## - EDITION STATEMENT
Edition statement 1st ed. 1987 ; 5th ed. 2011
260 ## - PUBLICATION, DISTRIBUTION, ETC.
Place of publication, distribution, etc. কলকাতা = Kolkata
Name of publisher, distributor, etc. সুবর্ণরেখা [পরিবেশক] = Subarnrekha [Distributor]
Date of publication, distribution, etc. 2011
300 ## - PHYSICAL DESCRIPTION
Extent 247p. ; 22p.
490 ## - SERIES STATEMENT
Volume/sequential designation v.1
653 ## - INDEX TERM--UNCONTROLLED
Uncontrolled term Bengali Language--Literature
942 ## - ADDED ENTRY ELEMENTS (KOHA)
Koha item type Book
Holdings
Withdrawn status Lost status Damaged status Not for loan Collection code Home library Current library Shelving location Date acquired Source of acquisition Total Checkouts Full call number Barcode Date last seen Price effective from Koha item type
        Matrubhasa Collection LRC, IIT Indore LRC, IIT Indore 3rd Floor - Matrubhasa Collection 03/06/2026 Gratis Book Price: INR 150.00   891.44 BAS MB353 03/06/2026 03/06/2026 Matrubhasa Collection
Copyright © 2017-2026 Indian Institute of Technology Indore. All Rights Reserved.
Managed & maintained by Learning Resource Center, IIT Indore